000 00503nam a2200181Ia 4500
008 240925s9999 xx 000 0 und d
020 _a8176491446
082 _a808.51 BOW
100 _aBowden John
245 0 _aMaking The Best Man's Speech: the things that reall matter about
250 _a1st
260 _aNew Delhi:
_bViva Books
_c,2000.
300 _axiv, 593p.
_bNA
_fPhotocopy
500 _aIncludes Index
600 _aHumanities & Natural Science
650 _aLiterature
942 _cBK
999 _c12389
_d12389